| 000 | 01583cam a2200445 a 4500 | ||
|---|---|---|---|
| 001 | 4469 | ||
| 003 | FISKH | ||
| 005 | 20240911141551.0 | ||
| 008 | 061107s2007 maua b 000 1 eng | ||
| 010 | _a 2006051839 | ||
| 020 | _a9780763624996 | ||
| 020 | _a9780763642846 | ||
| 020 | _a0763624993 | ||
| 020 | _a9781428765542 | ||
| 020 | _a1428765549 | ||
| 040 |
_aDLC _cDLC _dBKX _dBTCTA _dBAKER _dIEF _dDLC _beng |
||
| 050 | _aPZ7.B635744 | ||
| 082 | _a813.6 | ||
| 100 | 1 |
_aBoelts, Maribeth, _d1964- |
|
| 245 | 1 | 0 |
_aThose shoes / _cMaribeth Boelts ; illustrated by Noah Z. Jones. |
| 250 | _aFirst paperback edition 2009 | ||
| 260 |
_aMassachusetts : _bCandlewick Press, _c2007 |
||
| 300 |
_a332 unnumbered pages ; _bcolor illustrations ; _c25 x 26 cm |
||
| 505 | _aM | ||
| 520 | _aJeremy, who longs to have the black high tops that everyone at school seems to have but his grandmother cannot afford, is excited when he sees them for sale in a thrift shop and decides to buy them even though they are the wrong size. | ||
| 521 | 8 |
_a550
_bLexile AD |
|
| 521 | 8 |
_aM
_bRaz-plus |
|
| 650 | 0 |
_aShoes _vJuvenile fiction. |
|
| 650 | 0 |
_aGrandmothers _vJuvenile fiction. |
|
| 650 | 0 |
_aPoverty _vJuvenile fiction. |
|
| 650 | 0 |
_aGenerosity _vJuvenile fiction. |
|
| 650 | 1 |
_aShoes _vFiction. |
|
| 650 | 1 |
_aGrandmothers _vFiction. |
|
| 650 | 1 |
_aPoverty _vFiction. |
|
| 650 | 1 |
_aGenerosity _vFiction. |
|
| 700 | 1 |
_aJones, Noah _q(Noah Z.), _eillustrator |
|
| 906 |
_a7 _bcbc _corignew _d1 _eocip _f20 _gy-gencatlg |
||
| 942 |
_2ddc _cBK _n0 |
||
| 999 |
_c4469 _d4469 |
||